[Event "April 9 Early 2024"]
[Site "Chess.com"]
[Date "2024.04.09"]
[Round "2"]
[White "Leve, Nitai"]
[Black "Roberts, Tallulah"]
[Result "1-0"]
[Board "295"]
[WhiteFideId "2006898"]
[BlackFideId "15600572"]
[BlackTitle "WCM"]
[WhiteElo "2439"]
[BlackElo "1551"]
[WhiteTeam "USA"]
[BlackTeam "JCI"]
[WhiteClock "0:00:57"]
[BlackClock "0:00:00"]
[Variant "Standard"]

1. e4 {[%clk 0:02:58]}  e6 {[%clk 0:02:56]} 2. d4 {[%clk 0:02:53]}  d5 {[%clk 0:02:55]} 3. e5 {[%clk 0:02:45]}  c5 {[%clk 0:02:54]} 4. c3 {[%clk 0:02:44]}  Nc6 {[%clk 0:02:54]} 5. Nf3 {[%clk 0:02:44]}  Qb6 {[%clk 0:02:54]} 6. dxc5 {[%clk 0:02:39]}  Bxc5 {[%clk 0:02:50]} 7. Qc2 {[%clk 0:02:39]}  Bd7 {[%clk 0:02:41]} 8. Bd3 {[%clk 0:02:39]}  h5 {[%clk 0:02:29]} 9. O-O {[%clk 0:02:34]}  Nh6 {[%clk 0:02:16]} 10. b4 {[%clk 0:02:31]}  Be7 {[%clk 0:02:15]} 11. a4 {[%clk 0:02:29]}  Rc8 {[%clk 0:01:50]} 12. Qe2 {[%clk 0:02:25]}  d4 {[%clk 0:01:13]} 13. b5 {[%clk 0:02:10]}  Na5 {[%clk 0:00:58]} 14. Nxd4 {[%clk 0:01:47]}  Ng4 {[%clk 0:00:25]} 15. h3 {[%clk 0:01:43]}  Nh6 {[%clk 0:00:24]} 16. Be3 {[%clk 0:01:38]}  Bc5 {[%clk 0:00:19]} 17. Nd2 {[%clk 0:01:36]}  Qd8 {[%clk 0:00:12]} 18. Ne4 {[%clk 0:01:35]}  Bb6 {[%clk 0:00:10]} 19. Nd6+ {[%clk 0:01:34]}  Ke7 {[%clk 0:00:10]} 20. Bg5+ {[%clk 0:01:15]}  f6 {[%clk 0:00:09]} 21. exf6+ {[%clk 0:01:00]}  gxf6 {[%clk 0:00:10]} 22. Bxh6 {[%clk 0:00:59]}  Rxh6 {[%clk 0:00:07]} 23. N6f5+ {[%clk 0:00:58]}  Kf8 {[%clk 0:00:05]} 24. Nxh6 {[%clk 0:00:59]}  Rxc3 {[%clk 0:00:00]} 25. Qxh5 {[%clk 0:00:57]} 1-0

[Event "April 9 Early 2024"]
[Site "Chess.com"]
[Date "2024.04.09"]
[Round "3"]
[White "Manukyan, Sargis A."]
[Black "Shankland, Sam"]
[Result "0-1"]
[Board "39"]
[WhiteFideId "13303970"]
[BlackFideId "2004887"]
[WhiteTitle "FM"]
[BlackTitle "GM"]
[WhiteElo "2675"]
[BlackElo "2891"]
[WhiteTeam "ARM"]
[BlackTeam "USA"]
[WhiteClock "0:00:02"]
[BlackClock "0:00:49"]
[Variant "Standard"]

1. d4 {[%clk 0:03:00]}  Nf6 {[%clk 0:02:58]} 2. c4 {[%clk 0:03:01]}  e6 {[%clk 0:02:58]} 3. Nc3 {[%clk 0:03:02]}  Bb4 {[%clk 0:02:58]} 4. e3 {[%clk 0:03:02]}  O-O {[%clk 0:02:55]} 5. a3 {[%clk 0:03:03]}  Bxc3+ {[%clk 0:02:53]} 6. bxc3 {[%clk 0:03:04]}  d6 {[%clk 0:02:53]} 7. Bd3 {[%clk 0:03:02]}  e5 {[%clk 0:02:48]} 8. Ne2 {[%clk 0:03:00]}  e4 {[%clk 0:02:46]} 9. Bb1 {[%clk 0:03:00]}  Nc6 {[%clk 0:02:46]} 10. Ng3 {[%clk 0:02:59]}  Re8 {[%clk 0:02:43]} 11. O-O {[%clk 0:02:59]}  Na5 {[%clk 0:02:43]} 12. f3 {[%clk 0:02:54]}  Nxc4 {[%clk 0:02:39]} 13. fxe4 {[%clk 0:02:44]}  b5 {[%clk 0:02:38]} 14. a4 {[%clk 0:02:43]}  Bb7 {[%clk 0:02:30]} 15. axb5 {[%clk 0:02:42]}  Nxe4 {[%clk 0:02:29]} 16. Nxe4 {[%clk 0:02:33]}  Bxe4 {[%clk 0:02:29]} 17. Bxe4 {[%clk 0:02:33]}  Rxe4 {[%clk 0:02:29]} 18. Rxf7 {[%clk 0:02:34]}  Qe8 {[%clk 0:01:45]} 19. Rf3 {[%clk 0:02:21]}  Qxb5 {[%clk 0:01:42]} 20. d5 {[%clk 0:01:46]}  a5 {[%clk 0:01:38]} 21. Rf4 {[%clk 0:01:43]}  Rxf4 {[%clk 0:01:36]} 22. exf4 {[%clk 0:01:44]}  Re8 {[%clk 0:01:36]} 23. h3 {[%clk 0:01:42]}  Nb6 {[%clk 0:01:30]} 24. Kh2 {[%clk 0:01:38]}  Nxd5 {[%clk 0:01:23]} 25. c4 {[%clk 0:01:24]}  Qxc4 {[%clk 0:01:22]} 26. Rxa5 {[%clk 0:01:25]}  Nc3 {[%clk 0:01:17]} 27. Qg4 {[%clk 0:01:24]}  Ne2 {[%clk 0:01:08]} 28. Rg5 {[%clk 0:01:24]}  Qxc1 {[%clk 0:00:54]} 29. Rxg7+ {[%clk 0:01:17]}  Kh8 {[%clk 0:00:54]} 30. Rxh7+ {[%clk 0:01:15]}  Kxh7 {[%clk 0:00:55]} 31. Qh5+ {[%clk 0:00:39]}  Kg7 {[%clk 0:00:55]} 32. Qg5+ {[%clk 0:00:24]}  Kf7 {[%clk 0:00:55]} 33. Qf5+ {[%clk 0:00:23]}  Ke7 {[%clk 0:00:55]} 34. Qe4+ {[%clk 0:00:16]}  Kd7 {[%clk 0:00:52]} 35. Qh7+ {[%clk 0:00:10]}  Kd8 {[%clk 0:00:49]} 36. Qh4+ {[%clk 0:00:08]}  Kc8 {[%clk 0:00:49]} 37. Qg4+ {[%clk 0:00:02]}  Kb8 {[%clk 0:00:49]} 0-1

[Event "April 9 Early 2024"]
[Site "Chess.com"]
[Date "2024.04.09"]
[Round "3"]
[White "Svane, Rasmus"]
[Black "Perez Gormaz, Matias"]
[Result "1/2-1/2"]
[Board "40"]
[WhiteFideId "4657101"]
[BlackFideId "3406342"]
[WhiteTitle "GM"]
[BlackTitle "IM"]
[WhiteElo "2888"]
[BlackElo "2670"]
[WhiteTeam "GER"]
[BlackTeam "CHI"]
[WhiteClock "0:00:02"]
[BlackClock "0:00:11"]
[Variant "Standard"]

1. Nf3 {[%clk 0:02:58]}  d5 {[%clk 0:03:00]} 2. g3 {[%clk 0:02:55]}  c6 {[%clk 0:02:59]} 3. Bg2 {[%clk 0:02:55]}  Bg4 {[%clk 0:02:59]} 4. O-O {[%clk 0:02:55]}  Nd7 {[%clk 0:02:59]} 5. h3 {[%clk 0:02:55]}  Bxf3 {[%clk 0:02:59]} 6. Bxf3 {[%clk 0:02:55]}  e6 {[%clk 0:02:59]} 7. d3 {[%clk 0:02:50]}  Bc5 {[%clk 0:02:58]} 8. e4 {[%clk 0:02:49]}  Ne7 {[%clk 0:02:57]} 9. d4 {[%clk 0:02:50]}  Bd6 {[%clk 0:02:54]} 10. Nd2 {[%clk 0:02:49]}  O-O {[%clk 0:02:54]} 11. Re1 {[%clk 0:02:38]}  f5 {[%clk 0:02:47]} 12. e5 {[%clk 0:02:29]}  Bc7 {[%clk 0:02:47]} 13. Nb3 {[%clk 0:02:28]}  Bb6 {[%clk 0:02:27]} 14. a4 {[%clk 0:02:27]}  a6 {[%clk 0:02:24]} 15. a5 {[%clk 0:02:25]}  Ba7 {[%clk 0:02:24]} 16. Be3 {[%clk 0:02:13]}  Rc8 {[%clk 0:02:24]} 17. c3 {[%clk 0:02:11]}  c5 {[%clk 0:02:22]} 18. h4 {[%clk 0:02:06]}  Nc6 {[%clk 0:02:15]} 19. Qd2 {[%clk 0:02:04]}  c4 {[%clk 0:02:14]} 20. Nc1 {[%clk 0:01:58]}  Nxa5 {[%clk 0:02:13]} 21. Qd1 {[%clk 0:01:49]}  Nc6 {[%clk 0:02:09]} 22. Ne2 {[%clk 0:01:47]}  Ndxe5 {[%clk 0:01:44]} 23. dxe5 {[%clk 0:01:39]}  Bxe3 {[%clk 0:01:44]} 24. fxe3 {[%clk 0:01:40]}  Nxe5 {[%clk 0:01:44]} 25. Nf4 {[%clk 0:01:38]}  Qb6 {[%clk 0:01:41]} 26. Bg2 {[%clk 0:01:28]}  Rce8 {[%clk 0:01:38]} 27. Qd4 {[%clk 0:01:26]}  Qc7 {[%clk 0:01:25]} 28. Nxe6 {[%clk 0:01:13]}  Rxe6 {[%clk 0:01:18]} 29. Bxd5 {[%clk 0:01:13]}  Kh8 {[%clk 0:01:17]} 30. Qf4 {[%clk 0:00:51]}  Rg6 {[%clk 0:01:07]} 31. Re2 {[%clk 0:00:20]}  Rg4 {[%clk 0:01:06]} 32. Qf1 {[%clk 0:00:17]}  Rxg3+ {[%clk 0:01:05]} 33. Bg2 {[%clk 0:00:15]}  Ng4 {[%clk 0:01:01]} 34. Qf4 {[%clk 0:00:15]}  Qxf4 {[%clk 0:00:37]} 35. exf4 {[%clk 0:00:16]}  Ne3 {[%clk 0:00:37]} 36. Rae1 {[%clk 0:00:14]}  Rxg2+ {[%clk 0:00:34]} 37. Rxg2 {[%clk 0:00:15]}  Nxg2 {[%clk 0:00:35]} 38. Kxg2 {[%clk 0:00:16]}  g6 {[%clk 0:00:25]} 39. Re7 {[%clk 0:00:15]}  b5 {[%clk 0:00:25]} 40. Kf3 {[%clk 0:00:06]}  Rd8 {[%clk 0:00:22]} 41. Ke2 {[%clk 0:00:07]}  Kg8 {[%clk 0:00:19]} 42. Re6 {[%clk 0:00:06]}  Ra8 {[%clk 0:00:11]} 43. Re7 {[%clk 0:00:06]}  Rd8 {[%clk 0:00:09]} 44. Re6 {[%clk 0:00:06]}  Ra8 {[%clk 0:00:09]} 45. Re7 {[%clk 0:00:07]}  h6 {[%clk 0:00:07]} 46. Rd7 {[%clk 0:00:06]}  Kf8 {[%clk 0:00:06]} 47. Rd6 {[%clk 0:00:06]}  Kf7 {[%clk 0:00:06]} 48. Rc6 {[%clk 0:00:06]}  Re8+ {[%clk 0:00:06]} 49. Kf3 {[%clk 0:00:06]}  Re6 {[%clk 0:00:06]} 50. Rc7+ {[%clk 0:00:06]}  Re7 {[%clk 0:00:07]} 51. Rc6 {[%clk 0:00:06]}  Re6 {[%clk 0:00:07]} 52. Rc7+ {[%clk 0:00:07]}  Kf6 {[%clk 0:00:07]} 53. Rh7 {[%clk 0:00:08]}  h5 {[%clk 0:00:07]} 54. Rd7 {[%clk 0:00:08]}  Rc6 {[%clk 0:00:06]} 55. Ke3 {[%clk 0:00:08]}  Ke6 {[%clk 0:00:06]} 56. Rg7 {[%clk 0:00:08]}  Kd5 {[%clk 0:00:05]} 57. Rd7+ {[%clk 0:00:09]}  Kc5 {[%clk 0:00:06]} 58. Re7 {[%clk 0:00:08]}  Rd6 {[%clk 0:00:06]} 59. Rc7+ {[%clk 0:00:07]}  Kd5 {[%clk 0:00:07]} 60. Ra7 {[%clk 0:00:06]}  Re6+ {[%clk 0:00:07]} 61. Kf3 {[%clk 0:00:06]}  Kc5 {[%clk 0:00:07]} 62. Rc7+ {[%clk 0:00:06]}  Kb6 {[%clk 0:00:07]} 63. Rc8 {[%clk 0:00:05]}  Ka5 {[%clk 0:00:08]} 64. Rd8 {[%clk 0:00:02]}  Ka4 {[%clk 0:00:08]} 65. Rd5 {[%clk 0:00:01]}  Kb3 {[%clk 0:00:08]} 66. Re5 {[%clk 0:00:01]}  Rd6 {[%clk 0:00:07]} 67. Re2 {[%clk 0:00:01]}  a5 {[%clk 0:00:05]} 68. Rg2 {[%clk 0:00:01]}  a4 {[%clk 0:00:04]} 69. Ke3 {[%clk 0:00:02]}  a3 {[%clk 0:00:03]} 70. bxa3 {[%clk 0:00:03]}  Kxa3 {[%clk 0:00:02]} 71. Rg1 {[%clk 0:00:03]}  Kb3 {[%clk 0:00:03]} 72. Rb1+ {[%clk 0:00:04]}  Ka4 {[%clk 0:00:03]} 73. Ra1+ {[%clk 0:00:04]}  Kb3 {[%clk 0:00:03]} 74. Rb1+ {[%clk 0:00:05]}  Kxc3 {[%clk 0:00:04]} 75. Rxb5 {[%clk 0:00:05]}  Re6+ {[%clk 0:00:05]} 76. Re5 {[%clk 0:00:05]}  Ra6 {[%clk 0:00:05]} 77. Rc5 {[%clk 0:00:05]}  Rd6 {[%clk 0:00:04]} 78. Rc7 {[%clk 0:00:06]}  Re6+ {[%clk 0:00:05]} 79. Kf3 {[%clk 0:00:06]}  Kd3 {[%clk 0:00:05]} 80. Rd7+ {[%clk 0:00:06]}  Kc2 {[%clk 0:00:06]} 81. Rd5 {[%clk 0:00:07]}  c3 {[%clk 0:00:06]} 82. Re5 {[%clk 0:00:08]}  Rc6 {[%clk 0:00:07]} 83. Ke3 {[%clk 0:00:08]}  Kb2 {[%clk 0:00:07]} 84. Rb5+ {[%clk 0:00:08]}  Kc2 {[%clk 0:00:07]} 85. Rb8 {[%clk 0:00:06]}  Rd6 {[%clk 0:00:07]} 86. Rc8 {[%clk 0:00:06]}  Kb2 {[%clk 0:00:08]} 87. Rb8+ {[%clk 0:00:07]}  Kc1 {[%clk 0:00:08]} 88. Rc8 {[%clk 0:00:06]}  c2 {[%clk 0:00:09]} 89. Ke2 {[%clk 0:00:06]}  Kb1 {[%clk 0:00:06]} 90. Rb8+ {[%clk 0:00:06]}  Kc1 {[%clk 0:00:07]} 91. Rc8 {[%clk 0:00:07]}  Rd5 {[%clk 0:00:08]} 92. Rc7 {[%clk 0:00:06]}  Kb2 {[%clk 0:00:08]} 93. Rb7+ {[%clk 0:00:06]}  Kc3 {[%clk 0:00:09]} 94. Rc7+ {[%clk 0:00:06]}  Kb3 {[%clk 0:00:09]} 95. Rc6 {[%clk 0:00:02]}  Kb2 {[%clk 0:00:09]} 96. Rb6+ {[%clk 0:00:02]}  Kc3 {[%clk 0:00:10]} 97. Rc6+ {[%clk 0:00:03]}  Kb2 {[%clk 0:00:10]} 98. Rb6+ {[%clk 0:00:03]}  Kc1 {[%clk 0:00:11]} 99. Rxg6 {[%clk 0:00:03]}  Rd4 {[%clk 0:00:10]} 100. Ke3 {[%clk 0:00:02]}  Re4+ {[%clk 0:00:09]} 101. Kf3 {[%clk 0:00:02]}  Kb2 {[%clk 0:00:09]} 102. Rb6+ {[%clk 0:00:02]}  Kc3 {[%clk 0:00:09]} 103. Rc6+ {[%clk 0:00:02]}  Rc4 {[%clk 0:00:10]} 104. Rg6 {[%clk 0:00:01]}  c1=Q {[%clk 0:00:10]} 105. Kg2 {[%clk 0:00:01]}  Qxf4 {[%clk 0:00:10]} 106. Rg3+ {[%clk 0:00:02]}  Qxg3+ {[%clk 0:00:10]} 107. Kh1 {[%clk 0:00:02]}  Rg4 {[%clk 0:00:11]} 1/2-1/2

[Event "April 9 Early 2024"]
[Site "Chess.com"]
[Date "2024.04.09"]
[Round "3"]
[White "Shkapenko, Pavel"]
[Black "Grandelius, Nils"]
[Result "0-1"]
[Board "41"]
[WhiteFideId "4151933"]
[BlackFideId "1710400"]
[WhiteTitle "IM"]
[BlackTitle "GM"]
[WhiteElo "2670"]
[BlackElo "2881"]
[WhiteTeam "FID"]
[BlackTeam "SWE"]
[WhiteClock "0:00:03"]
[BlackClock "0:00:10"]
[Variant "Standard"]

1. e4 {[%clk 0:03:00]}  c5 {[%clk 0:02:59]} 2. Nc3 {[%clk 0:02:59]}  e6 {[%clk 0:02:59]} 3. g3 {[%clk 0:02:59]}  d5 {[%clk 0:02:59]} 4. exd5 {[%clk 0:02:59]}  exd5 {[%clk 0:02:59]} 5. Bg2 {[%clk 0:02:59]}  d4 {[%clk 0:03:00]} 6. Nd5 {[%clk 0:02:44]}  Bd6 {[%clk 0:02:47]} 7. d3 {[%clk 0:02:43]}  Nc6 {[%clk 0:02:45]} 8. Ne2 {[%clk 0:02:37]}  Nge7 {[%clk 0:02:30]} 9. Nxe7 {[%clk 0:02:34]}  Qxe7 {[%clk 0:02:28]} 10. O-O {[%clk 0:02:34]}  O-O {[%clk 0:02:29]} 11. Nf4 {[%clk 0:02:34]}  Bf5 {[%clk 0:02:26]} 12. Bd2 {[%clk 0:02:21]}  Qd7 {[%clk 0:02:24]} 13. Re1 {[%clk 0:02:10]}  Ne5 {[%clk 0:02:15]} 14. h3 {[%clk 0:02:02]}  Rfe8 {[%clk 0:02:09]} 15. g4 {[%clk 0:02:02]}  Ng6 {[%clk 0:01:59]} 16. gxf5 {[%clk 0:01:57]}  Nxf4 {[%clk 0:01:57]} 17. Qg4 {[%clk 0:01:45]}  h5 {[%clk 0:01:39]} 18. Qf3 {[%clk 0:01:25]}  Qxf5 {[%clk 0:01:29]} 19. Bxf4 {[%clk 0:01:25]}  Qxf4 {[%clk 0:01:10]} 20. Qxf4 {[%clk 0:01:25]}  Bxf4 {[%clk 0:01:11]} 21. Bxb7 {[%clk 0:01:20]}  Rab8 {[%clk 0:00:53]} 22. Rxe8+ {[%clk 0:01:19]}  Rxe8 {[%clk 0:00:54]} 23. Bf3 {[%clk 0:01:19]}  g6 {[%clk 0:00:52]} 24. Kf1 {[%clk 0:01:19]}  Rb8 {[%clk 0:00:51]} 25. b3 {[%clk 0:01:19]}  Bd2 {[%clk 0:00:51]} 26. Kg2 {[%clk 0:01:07]}  Re8 {[%clk 0:00:47]} 27. Rg1 {[%clk 0:01:00]}  Kg7 {[%clk 0:00:45]} 28. Bd5 {[%clk 0:01:00]}  Re5 {[%clk 0:00:42]} 29. Bc4 {[%clk 0:00:36]}  Bc3 {[%clk 0:00:36]} 30. Kf3 {[%clk 0:00:36]}  Kh6 {[%clk 0:00:31]} 31. a3 {[%clk 0:00:31]}  a5 {[%clk 0:00:25]} 32. h4 {[%clk 0:00:23]}  Rf5+ {[%clk 0:00:22]} 33. Kg3 {[%clk 0:00:22]}  Kg7 {[%clk 0:00:20]} 34. Rf1 {[%clk 0:00:20]}  Re5 {[%clk 0:00:18]} 35. Kf3 {[%clk 0:00:18]}  Bd2 {[%clk 0:00:18]} 36. Rg1 {[%clk 0:00:18]}  Bc3 {[%clk 0:00:17]} 37. Rf1 {[%clk 0:00:18]}  Bb2 {[%clk 0:00:17]} 38. a4 {[%clk 0:00:18]}  Bc3 {[%clk 0:00:18]} 39. Rg1 {[%clk 0:00:18]}  Bd2 {[%clk 0:00:18]} 40. Rf1 {[%clk 0:00:18]}  Rf5+ {[%clk 0:00:18]} 41. Kg2 {[%clk 0:00:17]}  Rf4 {[%clk 0:00:18]} 42. Rh1 {[%clk 0:00:16]}  Rg4+ {[%clk 0:00:16]} 43. Kf3 {[%clk 0:00:17]}  f5 {[%clk 0:00:13]} 44. Bb5 {[%clk 0:00:13]}  Bf4 {[%clk 0:00:13]} 45. Be8 {[%clk 0:00:13]}  Bd6 {[%clk 0:00:12]} 46. Ke2 {[%clk 0:00:11]}  Be7 {[%clk 0:00:12]} 47. f3 {[%clk 0:00:11]}  Rg2+ {[%clk 0:00:12]} 48. Kd1 {[%clk 0:00:10]}  Bd6 {[%clk 0:00:13]} 49. Kc1 {[%clk 0:00:08]}  Bf4+ {[%clk 0:00:13]} 50. Kb1 {[%clk 0:00:09]}  Bd2 {[%clk 0:00:12]} 51. Bd7 {[%clk 0:00:05]}  Re2 {[%clk 0:00:11]} 52. Bc6 {[%clk 0:00:05]}  Re1+ {[%clk 0:00:11]} 53. Rxe1 {[%clk 0:00:04]}  Bxe1 {[%clk 0:00:12]} 54. Kb2 {[%clk 0:00:03]}  Kf6 {[%clk 0:00:10]} 55. b4 {[%clk 0:00:04]}  Bxb4 {[%clk 0:00:09]} 56. Kb3 {[%clk 0:00:04]}  g5 {[%clk 0:00:10]} 57. hxg5+ {[%clk 0:00:03]}  Kxg5 {[%clk 0:00:11]} 58. f4+ {[%clk 0:00:04]}  Kxf4 {[%clk 0:00:11]} 59. Kc4 {[%clk 0:00:04]}  h4 {[%clk 0:00:10]} 60. c3 {[%clk 0:00:03]}  dxc3 {[%clk 0:00:10]} 0-1

[Event "April 9 Early 2024"]
[Site "Chess.com"]
[Date "2024.04.09"]
[Round "3"]
[White "Aravindh, Chithambaram VR."]
[Black "Tan, Jun Ying"]
[Result "1-0"]
[Board "45"]
[WhiteFideId "5072786"]
[BlackFideId "5710413"]
[WhiteTitle "GM"]
[BlackTitle "CM"]
[WhiteElo "2870"]
[BlackElo "2650"]
[WhiteTeam "IND"]
[BlackTeam "MAS"]
[WhiteClock "0:00:12"]
[BlackClock "0:00:00"]
[Variant "Standard"]

1. g3 {[%clk 0:02:59]}  d5 {[%clk 0:02:56]} 2. Bg2 {[%clk 0:03:00]}  c6 {[%clk 0:02:56]} 3. d4 {[%clk 0:02:59]}  Nf6 {[%clk 0:02:54]} 4. Nd2 {[%clk 0:02:59]}  Bf5 {[%clk 0:02:54]} 5. f3 {[%clk 0:02:59]}  Nbd7 {[%clk 0:02:34]} 6. e4 {[%clk 0:02:57]}  dxe4 {[%clk 0:02:34]} 7. fxe4 {[%clk 0:02:58]}  Bg4 {[%clk 0:02:35]} 8. Ngf3 {[%clk 0:02:58]}  e5 {[%clk 0:02:33]} 9. c3 {[%clk 0:02:59]}  Qc7 {[%clk 0:02:25]} 10. O-O {[%clk 0:02:55]}  Be7 {[%clk 0:02:15]} 11. Qc2 {[%clk 0:02:50]}  O-O-O {[%clk 0:02:04]} 12. Nc4 {[%clk 0:02:47]}  Bxf3 {[%clk 0:01:40]} 13. Bxf3 {[%clk 0:02:48]}  h5 {[%clk 0:01:41]} 14. Bg5 {[%clk 0:02:32]}  Ng8 {[%clk 0:01:33]} 15. Be3 {[%clk 0:02:25]}  h4 {[%clk 0:01:27]} 16. Bg4 {[%clk 0:02:22]}  hxg3 {[%clk 0:01:03]} 17. Rxf7 {[%clk 0:02:14]}  Nf6 {[%clk 0:00:45]} 18. Qd1 {[%clk 0:01:47]}  exd4 {[%clk 0:00:40]} 19. Bxd4 {[%clk 0:01:29]}  gxh2+ {[%clk 0:00:12]} 20. Kh1 {[%clk 0:01:26]}  Qg3 {[%clk 0:00:08]} 21. Be6 {[%clk 0:00:57]}  Nxe4 {[%clk 0:00:05]} 22. Rxe7 {[%clk 0:00:20]}  Rh7 {[%clk 0:00:02]} 23. Be3 {[%clk 0:00:15]}  Qg5 {[%clk 0:00:00]} 24. Bxd7+ {[%clk 0:00:12]} 1-0

[Event "April 9 Early 2024"]
[Site "Chess.com"]
[Date "2024.04.09"]
[Round "3"]
[White "Mahdavi, Reza"]
[Black "Arslanov, Shamil"]
[Result "1-0"]
[Board "46"]
[WhiteFideId "12595926"]
[BlackFideId "4192826"]
[WhiteTitle "FM"]
[BlackTitle "IM"]
[WhiteElo "2864"]
[BlackElo "2645"]
[WhiteTeam "IRI"]
[BlackTeam "RUS"]
[WhiteClock "0:00:41"]
[BlackClock "0:00:00"]
[Variant "Standard"]

1. e4 {[%clk 0:03:00]}  e6 {[%clk 0:02:57]} 2. d4 {[%clk 0:03:00]}  d5 {[%clk 0:02:58]} 3. Nc3 {[%clk 0:03:01]}  Bb4 {[%clk 0:02:57]} 4. e5 {[%clk 0:02:58]}  c5 {[%clk 0:02:57]} 5. a3 {[%clk 0:02:57]}  Bxc3+ {[%clk 0:02:58]} 6. bxc3 {[%clk 0:02:58]}  Ne7 {[%clk 0:02:58]} 7. Qg4 {[%clk 0:02:44]}  cxd4 {[%clk 0:02:57]} 8. Qxg7 {[%clk 0:02:38]}  Rg8 {[%clk 0:02:57]} 9. Qxh7 {[%clk 0:02:39]}  Qa5 {[%clk 0:02:58]} 10. Ne2 {[%clk 0:02:22]}  dxc3 {[%clk 0:02:54]} 11. f4 {[%clk 0:02:23]}  Nbc6 {[%clk 0:02:54]} 12. Qd3 {[%clk 0:02:21]}  Nb4 {[%clk 0:02:53]} 13. Qd1 {[%clk 0:02:10]}  Nf5 {[%clk 0:02:52]} 14. Rb1 {[%clk 0:02:04]}  Na2 {[%clk 0:02:44]} 15. Qd3 {[%clk 0:02:01]}  b6 {[%clk 0:02:28]} 16. Nd4 {[%clk 0:01:52]}  Nxd4 {[%clk 0:02:21]} 17. Qxd4 {[%clk 0:01:53]}  Nxc1 {[%clk 0:02:13]} 18. Rxc1 {[%clk 0:01:54]}  Qxa3 {[%clk 0:02:13]} 19. Bb5+ {[%clk 0:01:48]}  Bd7 {[%clk 0:02:04]} 20. Bxd7+ {[%clk 0:01:45]}  Kxd7 {[%clk 0:02:05]} 21. Kf2 {[%clk 0:01:38]}  Qc5 {[%clk 0:01:43]} 22. Qxc5 {[%clk 0:01:33]}  bxc5 {[%clk 0:01:43]} 23. h4 {[%clk 0:01:34]}  Kc6 {[%clk 0:01:32]} 24. h5 {[%clk 0:01:33]}  d4 {[%clk 0:01:27]} 25. h6 {[%clk 0:01:28]}  Rg6 {[%clk 0:01:26]} 26. Rh4 {[%clk 0:01:27]}  Rh8 {[%clk 0:01:24]} 27. Rch1 {[%clk 0:01:23]}  f5 {[%clk 0:00:33]} 28. exf6 {[%clk 0:01:13]}  Rxf6 {[%clk 0:00:33]} 29. Ke2 {[%clk 0:01:14]}  Kd5 {[%clk 0:00:31]} 30. h7 {[%clk 0:01:01]}  c4 {[%clk 0:00:18]} 31. g4 {[%clk 0:00:57]}  Rxf4 {[%clk 0:00:13]} 32. g5 {[%clk 0:00:57]}  Rxh4 {[%clk 0:00:10]} 33. Rxh4 {[%clk 0:00:58]}  Ke5 {[%clk 0:00:10]} 34. g6 {[%clk 0:00:57]}  d3+ {[%clk 0:00:11]} 35. cxd3 {[%clk 0:00:53]}  c2 {[%clk 0:00:10]} 36. g7 {[%clk 0:00:44]}  cxd3+ {[%clk 0:00:10]} 37. Kd2 {[%clk 0:00:43]}  Rc8 {[%clk 0:00:00]} 38. Rh1 {[%clk 0:00:41]} 1-0

[Event "April 9 Early 2024"]
[Site "Chess.com"]
[Date "2024.04.09"]
[Round "3"]
[White "Quispe Arteaga, Gabriel"]
[Black "Hayrapetyan, Edgar"]
[Result "0-1"]
[Board "47"]
[WhiteFideId "32059809"]
[BlackFideId "13313568"]
[WhiteTitle "FM"]
[BlackTitle "FM"]
[WhiteElo "2857"]
[BlackElo "2633"]
[WhiteTeam "ESP"]
[BlackTeam "ARM"]
[WhiteClock "0:01:16"]
[BlackClock "0:01:55"]
[Variant "Standard"]

1. c4 {[%clk 0:03:00]}  e5 {[%clk 0:02:58]} 2. Nc3 {[%clk 0:02:58]}  Bb4 {[%clk 0:02:56]} 3. g3 {[%clk 0:02:58]}  Bxc3 {[%clk 0:02:53]} 4. bxc3 {[%clk 0:02:59]}  d6 {[%clk 0:02:54]} 5. Bg2 {[%clk 0:02:59]}  Ne7 {[%clk 0:02:49]} 6. d3 {[%clk 0:02:53]}  Nbc6 {[%clk 0:02:48]} 7. Nf3 {[%clk 0:02:43]}  Bd7 {[%clk 0:02:46]} 8. Be3 {[%clk 0:02:20]}  b6 {[%clk 0:02:44]} 9. O-O {[%clk 0:02:12]}  Qc8 {[%clk 0:02:43]} 10. d4 {[%clk 0:02:00]}  f6 {[%clk 0:02:41]} 11. c5 {[%clk 0:01:57]}  bxc5 {[%clk 0:02:31]} 12. dxc5 {[%clk 0:01:57]}  d5 {[%clk 0:02:30]} 13. Nh4 {[%clk 0:01:57]}  Bh3 {[%clk 0:02:19]} 14. f4 {[%clk 0:01:56]}  Bxg2 {[%clk 0:02:17]} 15. Kxg2 {[%clk 0:01:54]}  O-O {[%clk 0:02:18]} 16. fxe5 {[%clk 0:01:51]}  Nxe5 {[%clk 0:02:18]} 17. Bd4 {[%clk 0:01:43]}  Qe6 {[%clk 0:02:14]} 18. Qc2 {[%clk 0:01:24]}  Nc4 {[%clk 0:02:12]} 19. Rae1 {[%clk 0:01:21]}  Rab8 {[%clk 0:01:59]} 20. Rb1 {[%clk 0:01:16]}  Na3 {[%clk 0:01:55]} 0-1

[Event "April 9 Early 2024"]
[Site "Chess.com"]
[Date "2024.04.09"]
[Round "3"]
[White "Yanchenko, Roman"]
[Black "Danielian, Vardan"]
[Result "1-0"]
[Board "48"]
[WhiteFideId "4137329"]
[BlackFideId "13301594"]
[WhiteTitle "FM"]
[BlackTitle "FM"]
[WhiteElo "2853"]
[BlackElo "2630"]
[WhiteTeam "RUS"]
[BlackTeam "ARM"]
[WhiteClock "0:01:35"]
[BlackClock "0:00:00"]
[Variant "Standard"]

1. d4 {[%clk 0:03:00]}  Nf6 {[%clk 0:03:00]} 2. c4 {[%clk 0:03:01]}  g6 {[%clk 0:03:00]} 3. Nf3 {[%clk 0:03:00]}  Bg7 {[%clk 0:03:01]} 4. Nc3 {[%clk 0:03:01]}  O-O {[%clk 0:03:01]} 5. Bf4 {[%clk 0:03:01]}  d6 {[%clk 0:03:01]} 6. e3 {[%clk 0:03:02]}  Nfd7 {[%clk 0:03:00]} 7. h3 {[%clk 0:03:02]}  Nc6 {[%clk 0:03:00]} 8. Be2 {[%clk 0:03:02]}  e5 {[%clk 0:03:00]} 9. Bg5 {[%clk 0:03:02]}  f6 {[%clk 0:02:58]} 10. Bh4 {[%clk 0:03:03]}  Re8 {[%clk 0:02:55]} 11. dxe5 {[%clk 0:03:03]}  Ndxe5 {[%clk 0:02:53]} 12. Nxe5 {[%clk 0:03:02]}  Nxe5 {[%clk 0:02:33]} 13. O-O {[%clk 0:03:01]}  Be6 {[%clk 0:02:27]} 14. b3 {[%clk 0:03:01]}  c6 {[%clk 0:02:21]} 15. Ne4 {[%clk 0:02:45]}  g5 {[%clk 0:02:14]} 16. Bg3 {[%clk 0:02:45]}  Bf8 {[%clk 0:01:59]} 17. Bh5 {[%clk 0:02:33]}  Bf7 {[%clk 0:01:56]} 18. Bxf7+ {[%clk 0:02:25]}  Nxf7 {[%clk 0:01:51]} 19. Qd4 {[%clk 0:02:23]}  Re6 {[%clk 0:01:38]} 20. Rad1 {[%clk 0:02:20]}  f5 {[%clk 0:01:37]} 21. Nd2 {[%clk 0:02:13]}  Qf6 {[%clk 0:01:12]} 22. Nf3 {[%clk 0:02:07]}  h6 {[%clk 0:00:57]} 23. Rd2 {[%clk 0:02:04]}  Rae8 {[%clk 0:00:43]} 24. Qxa7 {[%clk 0:01:58]}  f4 {[%clk 0:00:42]} 25. exf4 {[%clk 0:01:58]}  gxf4 {[%clk 0:00:42]} 26. Bh4 {[%clk 0:01:58]}  Ng5 {[%clk 0:00:42]} 27. Bxg5 {[%clk 0:01:57]}  hxg5 {[%clk 0:00:42]} 28. Qxb7 {[%clk 0:01:56]}  c5 {[%clk 0:00:18]} 29. Qd5 {[%clk 0:01:55]}  Bh6 {[%clk 0:00:11]} 30. Re1 {[%clk 0:01:54]}  Kg7 {[%clk 0:00:11]} 31. Rxe6 {[%clk 0:01:54]}  Rxe6 {[%clk 0:00:12]} 32. Kh2 {[%clk 0:01:49]}  g4 {[%clk 0:00:08]} 33. hxg4 {[%clk 0:01:49]}  Kh7 {[%clk 0:00:07]} 34. Qh5 {[%clk 0:01:46]}  Kg8 {[%clk 0:00:07]} 35. g5 {[%clk 0:01:45]}  Qf5 {[%clk 0:00:06]} 36. Rd5 {[%clk 0:01:44]}  Qc2 {[%clk 0:00:05]} 37. gxh6 {[%clk 0:01:42]}  Qxf2 {[%clk 0:00:04]} 38. Rg5+ {[%clk 0:01:42]}  Kh8 {[%clk 0:00:00]} 39. Rg4 {[%clk 0:01:35]} 1-0